000 00299nam a22001337a 4500
008 170731b xxu||||| |||| 00| 0 eng d
020 _a0201038226
041 _aeng
080 _a004
100 _a32
101 _aSHKI
245 _aTHE ART OF COMPUTER PROGRAMMING
_cKNUTH, D.E
942 _2udc
_cBK
999 _c22213
_d22213